000 01066pam a2200325 a 4500
001 1382
005 20230823082739.0
008 850301s1985 nyua j 000 0 eng
020 _a0690044577 :
020 _a0690044593 (lib. bdg.) :
040 _aDLC
_cDLC
_dDLC
_beng
050 0 0 _aGA105.6
_b.K58 1985
082 0 0 _a912
_219
100 1 _aKnowlton, Jack
245 1 0 _aMaps & globes /
_cby Jack Knowlton ; pictures by Harriett Barton.
250 _a1st ed.
260 _aNew York :
_bHarperCollins,
_c1985
300 _a42 pages :
_bcolor illustrations ;
_c25 cm
505 _aQ
520 _aA brief history of mapmaking, a simple explanation of how to read maps and globes, and an introduction to the many different kinds of maps there are.
521 _a920
_bLexile
521 _aQ
_bRaz-Plus
650 0 _aMaps
_xJuvenile literature.
650 0 _aGlobes
_xJuvenile literature.
650 1 _aMaps.
650 1 _aGlobes.
700 1 _aBarton, Harriett,
_eillustrator
906 _a7
_bcbc
_corignew
_d1
_eocip
_f19
_gy-gencatlg
942 _2ddc
_cBK
_n0
999 _c1382
_d1382